00913nam a2200205 i 4500001000300000245023100003250003500234260004200269300003000311650004100341650006100382040000800443041000800451080003300459942000700492008004100499999001700540856009800557952005200655bg00aPrawo pracy, ubezpieczenia społeczne :bzbiór ujednoliconych przepisów : kodeks pracy, bhp, urlopy i zasiłki, świadczenia socjalne, wypadki i choroby, ochrona pracy, ubezpieczenia społeczne : [dokument elektroniczny]. aStan prawny kwiecień 2002 r. aWarszawa :b"AD. Drągowski",c2001. a1 dysk optyczny [CD ROM]. 9aPrawo pracyzPolskaystan na 2002 r. 9aUbezpieczenia społecznexprawozPolskaystan na 2002 r. cBPK0 apol a349.2:349.3:369](438)(094.4) cCD s pl f |000 0 pol  c24022d24022 uhttp://koha.tu.koszalin.pl/cgi-bin/koha/opac-detail.pl?biblionumber=24022yKatalog online BPK 00104071aBPKbBPKcmhoCD 1153p01892024yCD